Kalkulácia - základ nákladového controllingu

Guardado en:
Detalles Bibliográficos
Autor principal: Serina, Pavol
Formato: Capítulo de libro
Lenguaje:eslovaco
Etiquetas: Agregar Etiqueta
Sin Etiquetas, Sea el primero en etiquetar este registro!

MARC

LEADER 00000nla$a2200000$$$4500
001 0060530
005 20240502083143.8
041 0 |a slo 
044 |a CZ 
245 1 0 |a Kalkulácia - základ nákladového controllingu  |c Pavol Serina 
100 1 |a Serina, Pavol